000 00281nam a22001337a 4500
008 170801b xxu||||| |||| 00| 0 eng d
020 _a9780071604109
041 _aeng
080 _a004
100 _a32
101 _aSHK
245 _aASP,NET 4.0
_cKANJILAL,J
942 _2udc
_cBK
999 _c22424
_d22424